<?xml version="1.0" encoding="UTF-8"?>
<record
    xmlns:xsi="http://www.w3.org/2001/XMLSchema-instance"
    xsi:schemaLocation="http://www.loc.gov/MARC21/slim http://www.loc.gov/standards/marcxml/schema/MARC21slim.xsd"
    xmlns="http://www.loc.gov/MARC21/slim">

  <leader>00798nam a2200277 a 4500</leader>
  <datafield tag="999" ind1=" " ind2=" ">
    <subfield code="c">3096</subfield>
    <subfield code="d">3096</subfield>
  </datafield>
  <controlfield tag="003">PK-NaQUE</controlfield>
  <controlfield tag="005">20250530121440.0</controlfield>
  <controlfield tag="008">250530b           ||||| |||| 00| 0 eng d</controlfield>
  <datafield tag="020" ind1=" " ind2=" ">
    <subfield code="a">0071121803 (paperback)</subfield>
  </datafield>
  <datafield tag="020" ind1=" " ind2=" ">
    <subfield code="a">9780071121804 (paperback)</subfield>
  </datafield>
  <datafield tag="040" ind1=" " ind2=" ">
    <subfield code="c">QUEST</subfield>
  </datafield>
  <datafield tag="082" ind1=" " ind2=" ">
    <subfield code="a">518.02462CHA</subfield>
  </datafield>
  <datafield tag="100" ind1="1" ind2=" ">
    <subfield code="a">Chapra, Steven C.</subfield>
  </datafield>
  <datafield tag="245" ind1="1" ind2="0">
    <subfield code="a">Numerical Methods For Engineers </subfield>
  </datafield>
  <datafield tag="250" ind1=" " ind2=" ">
    <subfield code="a">4th ed.</subfield>
  </datafield>
  <datafield tag="260" ind1=" " ind2=" ">
    <subfield code="a">New Delhi</subfield>
    <subfield code="b">McGraw-Hill Publishing </subfield>
    <subfield code="c">2002</subfield>
  </datafield>
  <datafield tag="300" ind1=" " ind2=" ">
    <subfield code="a">XVIII,925p.</subfield>
  </datafield>
  <datafield tag="650" ind1=" " ind2=" ">
    <subfield code="a">Numerical Calculations</subfield>
  </datafield>
  <datafield tag="650" ind1=" " ind2=" ">
    <subfield code="a">Data processing</subfield>
  </datafield>
  <datafield tag="650" ind1=" " ind2=" ">
    <subfield code="a">Engineering mathematics</subfield>
  </datafield>
  <datafield tag="650" ind1=" " ind2=" ">
    <subfield code="a">Artificial Intelligence</subfield>
  </datafield>
  <datafield tag="650" ind1=" " ind2=" ">
    <subfield code="a">Computer Science</subfield>
  </datafield>
  <datafield tag="700" ind1="1" ind2=" ">
    <subfield code="a">Canale, Raymond P.</subfield>
  </datafield>
  <datafield tag="856" ind1="4" ind2="0">
    <subfield code="u">http://10.10.170.122:8080/browse/book/27478</subfield>
    <subfield code="y">Dowload eBook</subfield>
  </datafield>
  <datafield tag="942" ind1=" " ind2=" ">
    <subfield code="c">BK</subfield>
    <subfield code="2">ddc</subfield>
  </datafield>
  <datafield tag="952" ind1=" " ind2=" ">
    <subfield code="0">0</subfield>
    <subfield code="1">0</subfield>
    <subfield code="4">0</subfield>
    <subfield code="7">0</subfield>
    <subfield code="8">REF</subfield>
    <subfield code="a">REF</subfield>
    <subfield code="b">REF</subfield>
    <subfield code="d">2014-05-15</subfield>
    <subfield code="l">1</subfield>
    <subfield code="o">518.02462CHA  (Shelf - 30B)</subfield>
    <subfield code="p">27400</subfield>
    <subfield code="r">2021-06-09 00:00:00</subfield>
    <subfield code="s">2021-06-09</subfield>
    <subfield code="y">BK</subfield>
  </datafield>
  <datafield tag="952" ind1=" " ind2=" ">
    <subfield code="0">0</subfield>
    <subfield code="1">0</subfield>
    <subfield code="4">0</subfield>
    <subfield code="7">0</subfield>
    <subfield code="a">QUESTCL</subfield>
    <subfield code="b">QUESTCL</subfield>
    <subfield code="d">2014-05-15</subfield>
    <subfield code="l">5</subfield>
    <subfield code="o">511.02462CHA</subfield>
    <subfield code="p">27401</subfield>
    <subfield code="r">2021-06-09 00:00:00</subfield>
    <subfield code="s">2021-06-09</subfield>
    <subfield code="w">2014-05-15</subfield>
    <subfield code="y">BK</subfield>
  </datafield>
  <datafield tag="952" ind1=" " ind2=" ">
    <subfield code="0">0</subfield>
    <subfield code="1">3</subfield>
    <subfield code="4">0</subfield>
    <subfield code="7">0</subfield>
    <subfield code="a">QUESTCL</subfield>
    <subfield code="b">QUESTCL</subfield>
    <subfield code="d">2014-05-15</subfield>
    <subfield code="l">1</subfield>
    <subfield code="o">511.02462CHA</subfield>
    <subfield code="p">27402</subfield>
    <subfield code="r">2015-07-23 00:00:00</subfield>
    <subfield code="s">2015-07-23</subfield>
    <subfield code="y">BK</subfield>
  </datafield>
  <datafield tag="952" ind1=" " ind2=" ">
    <subfield code="0">0</subfield>
    <subfield code="1">0</subfield>
    <subfield code="4">0</subfield>
    <subfield code="7">0</subfield>
    <subfield code="a">QUESTCL</subfield>
    <subfield code="b">QUESTCL</subfield>
    <subfield code="d">2014-05-15</subfield>
    <subfield code="l">4</subfield>
    <subfield code="o">511.02462CHA</subfield>
    <subfield code="p">27403</subfield>
    <subfield code="r">2018-10-26 00:00:00</subfield>
    <subfield code="s">2018-05-15</subfield>
    <subfield code="w">2014-05-15</subfield>
    <subfield code="y">BK</subfield>
  </datafield>
  <datafield tag="952" ind1=" " ind2=" ">
    <subfield code="0">0</subfield>
    <subfield code="1">0</subfield>
    <subfield code="4">0</subfield>
    <subfield code="7">0</subfield>
    <subfield code="a">QUESTCL</subfield>
    <subfield code="b">QUESTCL</subfield>
    <subfield code="d">2014-05-15</subfield>
    <subfield code="l">4</subfield>
    <subfield code="o">511.02462CHA</subfield>
    <subfield code="p">27404</subfield>
    <subfield code="r">2020-11-10 00:00:00</subfield>
    <subfield code="s">2019-11-13</subfield>
    <subfield code="w">2014-05-15</subfield>
    <subfield code="y">BK</subfield>
  </datafield>
  <datafield tag="952" ind1=" " ind2=" ">
    <subfield code="0">0</subfield>
    <subfield code="1">0</subfield>
    <subfield code="4">0</subfield>
    <subfield code="7">0</subfield>
    <subfield code="a">QUESTCL</subfield>
    <subfield code="b">QUESTCL</subfield>
    <subfield code="d">2014-05-15</subfield>
    <subfield code="l">4</subfield>
    <subfield code="o">511.02462CHA</subfield>
    <subfield code="p">27405</subfield>
    <subfield code="r">2023-12-18 00:00:00</subfield>
    <subfield code="s">2023-09-06</subfield>
    <subfield code="w">2014-05-15</subfield>
    <subfield code="y">BK</subfield>
  </datafield>
  <datafield tag="952" ind1=" " ind2=" ">
    <subfield code="0">0</subfield>
    <subfield code="1">0</subfield>
    <subfield code="4">0</subfield>
    <subfield code="7">0</subfield>
    <subfield code="a">QUESTCL</subfield>
    <subfield code="b">QUESTCL</subfield>
    <subfield code="d">2014-05-15</subfield>
    <subfield code="l">0</subfield>
    <subfield code="o">511.02462CHA</subfield>
    <subfield code="p">27406</subfield>
    <subfield code="r">2014-05-15 00:00:00</subfield>
    <subfield code="w">2014-05-15</subfield>
    <subfield code="y">BK</subfield>
  </datafield>
  <datafield tag="952" ind1=" " ind2=" ">
    <subfield code="0">0</subfield>
    <subfield code="1">0</subfield>
    <subfield code="4">0</subfield>
    <subfield code="7">0</subfield>
    <subfield code="a">QUESTCL</subfield>
    <subfield code="b">QUESTCL</subfield>
    <subfield code="d">2014-05-15</subfield>
    <subfield code="l">2</subfield>
    <subfield code="o">511.02462CHA</subfield>
    <subfield code="p">27407</subfield>
    <subfield code="r">2024-01-02 00:00:00</subfield>
    <subfield code="s">2023-09-06</subfield>
    <subfield code="w">2014-05-15</subfield>
    <subfield code="y">BK</subfield>
  </datafield>
  <datafield tag="952" ind1=" " ind2=" ">
    <subfield code="0">0</subfield>
    <subfield code="1">0</subfield>
    <subfield code="4">0</subfield>
    <subfield code="7">0</subfield>
    <subfield code="a">QUESTCL</subfield>
    <subfield code="b">QUESTCL</subfield>
    <subfield code="d">2014-05-15</subfield>
    <subfield code="l">2</subfield>
    <subfield code="o">511.02462CHA</subfield>
    <subfield code="p">27408</subfield>
    <subfield code="r">2025-07-25 00:00:00</subfield>
    <subfield code="s">2023-09-06</subfield>
    <subfield code="w">2014-05-15</subfield>
    <subfield code="y">BK</subfield>
  </datafield>
  <datafield tag="952" ind1=" " ind2=" ">
    <subfield code="0">0</subfield>
    <subfield code="1">0</subfield>
    <subfield code="4">0</subfield>
    <subfield code="7">0</subfield>
    <subfield code="a">QUESTCL</subfield>
    <subfield code="b">QUESTCL</subfield>
    <subfield code="d">2014-05-15</subfield>
    <subfield code="l">2</subfield>
    <subfield code="o">511.02462CHA</subfield>
    <subfield code="p">27409</subfield>
    <subfield code="r">2022-01-31 00:00:00</subfield>
    <subfield code="s">2021-11-17</subfield>
    <subfield code="w">2014-05-15</subfield>
    <subfield code="y">BK</subfield>
  </datafield>
  <datafield tag="952" ind1=" " ind2=" ">
    <subfield code="0">0</subfield>
    <subfield code="1">0</subfield>
    <subfield code="4">0</subfield>
    <subfield code="7">0</subfield>
    <subfield code="a">QUESTCL</subfield>
    <subfield code="b">QUESTCL</subfield>
    <subfield code="d">2017-03-27</subfield>
    <subfield code="e">Donated by Prof Dr Abdul Karim Baloch</subfield>
    <subfield code="l">0</subfield>
    <subfield code="o">511.02462CHA</subfield>
    <subfield code="p">D1840</subfield>
    <subfield code="r">2017-03-27 00:00:00</subfield>
    <subfield code="w">2017-03-27</subfield>
    <subfield code="y">BK</subfield>
  </datafield>
</record>
